| 000 | 01546cam a2200361 a 4500 | ||
|---|---|---|---|
| 001 | 16396730 | ||
| 005 | 20210414114511.0 | ||
| 008 | 100811s2011 nyub 000 1 eng | ||
| 010 | _a 2010033612 | ||
| 020 | _a9781439199299 (hbk.) | ||
| 020 | _a1439199086 (hbk.) | ||
| 020 | _z9781439199466 (ebk.) | ||
| 035 | _a(OCoLC)ocn646112775 | ||
| 040 |
_aDLC _cDLC _dIG# _dBTCTA _dLIV _dBUL _dIG$ _dLF3 _dWIQ _dORX _dCDX _dDLC |
||
| 050 | 0 | 0 |
_aPS3573.I456288 _bA79 2011 |
| 082 | 0 | 0 |
_a813/.6 _222 |
| 100 | 1 |
_aCarter, Philip, _d1949- |
|
| 245 | 1 | 0 |
_aAltar of bones. / _cPhilip Carter. |
| 250 | _a1st Gallery Books hardcover ed. | ||
| 260 |
_aNew York : _bGallery Books, _c2011. |
||
| 300 |
_a645 p. : _c24 cm. |
||
| 500 | _aMap on lining papers. | ||
| 520 | _aWhen the dying words of a homeless woman spark a ruthless assassination plot, a resourceful woman on the run and a vengeance-driven man forge a reluctant partnership in an international cat-and-mouse race to survive and find answers. | ||
| 650 | 0 |
_aSecrecy _vFiction. |
|
| 650 | 0 |
_aIcons _vFiction. |
|
| 655 | 0 | _aSuspense fiction. | |
| 655 | 7 |
_aSuspense fiction. _2gsafd |
|
| 856 | 4 | 2 |
_3Publisher description _uhttp://www.loc.gov/catdir/enhancements/fy1101/2010033612-d.html |
| 856 | 4 | 2 |
_3Contributor biographical information _uhttp://www.loc.gov/catdir/enhancements/fy1012/2010033612-b.html |
| 906 |
_a7 _bcbc _corignew _d1 _eecip _f20 _gy-gencatlg |
||
| 942 |
_2lcc _cBK |
||
| 999 |
_c5838 _d13338 |
||